General Car Knowledge - Statistics

General Stats
  • This quiz has been taken 82 times
  • The average score is 5 of 10
Answer Stats
Question Answer % Correct
Which car band made a commercial mogging their competitors cars with four rings Audi
79%
Which car brand was founded by a guy leaving Ferrari? Lamborghini
59%
Which car is the new Toyota supra based on BMW z4
50%
Which car is the fastest in the world Koenigsegg Jesko Absolut
47%
Which car brand is the only production car from Denmark Zenvo
47%
Which engine does the BMW e90 M3 have? 4.0L v8
41%
which is the most expensive car in the world Mercedes-Benz 300 SLR Uhlenhaut Coupé
41%
Which car brand use only carbon fiber to produce cars? Pagani
41%
The most sold car in 2023 Tesla Model Y
29%
When was BMW founded? 1916
26%
No matching quizzes found
Score Distribution
Percent of People with Each Score
Percentile by Number Answered
Your Score History
You have not taken this quiz